| 000 | 01106nam a2200313 i 4500 | ||
|---|---|---|---|
| 001 | 000044841 | ||
| 003 | DO-SdBNP | ||
| 005 | 20250908094240.0 | ||
| 007 | ta | ||
| 008 | 150114s2014 dr c 000 0 spa d | ||
| 020 | _a9789945410761 | ||
| 040 |
_aDO-SdBNP _bspa _cBNPHU _erda |
||
| 041 | _aspa | ||
| 082 | 4 |
_axxx _bxxx _222 |
|
| 100 | 1 |
_aMolina Ureña, José Rafael, _eautor _4aut. _930562 |
|
| 245 | 1 | 0 |
_aMolina Ureña. Mis Memorias : _b31 de mayo 1961- 27 de de abril 1965 / _cJosé Rafael Molina Ureña ; prólogo, Leopoldo A. Espaillat Nanita. |
| 264 | 1 |
_aSanto Domingo : _bLetragráfica, _c2014. |
|
| 300 |
_a238 páginas : _bretratos ; _c23 cm. |
||
| 336 |
_atexto _btxt _2rdacontent |
||
| 337 |
_asin mediación _bn _2rdamedia |
||
| 338 |
_avolumen _bnc _2rdacarrier |
||
| 490 | 1 | _aSerie Vintage Books | |
| 500 | _aIncluye referencias bibliográficas y notas al píe de las páginas | ||
| 500 | _aPresidente provisional bajo armas, abril 1965 | ||
| 590 | _aInventariado, 2023 / DG | ||
| 700 | 1 |
_aEspaillat Nanita, Leopoldo A., _eprologuista _4pr. _972853 |
|
| 910 | _aDG | ||
| 942 |
_2ddc _cLBS1 |
||
| 999 |
_c44330 _d44330 |
||